| 000 | 00946nam a2200217Ia 4500 | ||
|---|---|---|---|
| 003 | OSt | ||
| 005 | 20200930175011.0 | ||
| 008 | 191128s2011 ck a gr 000 0 spa d | ||
| 040 |
_aCO-JMCR _cCO-JMCR |
||
| 041 | 0 | _aspa | |
| 082 | 0 | 4 |
_a927 / _bB475t _223 |
| 100 | 1 |
_aBenítez Tuirán, Rahomir, _eautor _911061 |
|
| 245 | 1 | 0 |
_aTierra de campeones / _cRahomir Benítez Tuirán |
| 250 | _aPrimera edición | ||
| 260 |
_aCórdoba : _bGobernación de Córdoba, _c2011 |
||
| 300 |
_a119 páginas : _bilustraciones ; _c32 cm. |
||
| 505 | 0 | _aMiguel "Happy" Lora. Un gallo lleno de gloria -- Stella Urango. Golpes de campeona -- Nicolas Tordecilla. Un Cordobés con mucho tino -- Luis Escobar Pocaterra. Con la mística de beisbolista -- Oscar Negrete. Los puños medallistas de un tierraltenese. | |
| 650 | 1 | 4 |
_aDeportistas colombianos _vbiografías _911062 |
| 650 | 1 | 4 |
_aDeportes profesionales _xhistoria _zCórdoba (Colombia) _911063 |
| 942 |
_2ddc _cBK |
||
| 999 |
_c4240 _d4240 |
||